00392nam a22001337a 4500020001800000082001100018100002300029245009900052250001200151260003200163300001600195650002600211700002100237 a9788130916033 a001.42 aDawson, Catherine  aIntroduction to research methods : A practical guide for anyone undertaking a research project a4th ed. aNew DelhibViva Booksc2010 ax. ; 150 p. aResearch--Methodology aCatherine Dawson